000 00356nam a2200133Ia 4500
008 240624s9999 xx 000 0 und d
041 _aeng
082 _a958.104 ALE
100 _aALEXIEVICH SVETLANA
245 _aZINKY BOYS SOVIET VOICES FROM THE AFGHAN
260 _c1990
_aLondon
_bNorton & Company Ltd.
300 _a197 : p. : cm. ; 28
365 _cRS
999 _c27849
_d27849